01013cam a22002411 4500001001300000003000400013005001700017008004100034010001700075035001900092040001900111042001200130050001700142100003500159245014400194260006600338300005200404490007000456500007000526650005100596650005100647830007300698gs 46000020 DLC20260227111351.0790612s1946 sdub s000 0 eng  ags 46000020  a(OCoLC)5057214 aDLCcTxCMdDLC apremarc00aGB126.S8bB71 aBrookman, Harold Edwin,d1886-10aTopography of the low lying area across the Missouri Valley-James basin divide in Hyde and Hand Counties, South Dakota,cby H. E. Brookman. aVermillion, South Dakota,bUniversity of South Dakota,c1946. a[1] p. l., 5 numb. l.bmaps (6 fold. in pocket)1 aSouth Dakota Geological Survey. Report of investigations,vno. 51 aAt head of title: State of South Dakota. State Geological Survey. 0aPhysical geographyzSouth DakotazHyde County. 0aPhysical geographyzSouth DakotazHand County. 0aReport of investigations (South Dakota Geological Survey) ;vno. 51.